| 000 | 00967nam a2200253Ia 4500 | ||
|---|---|---|---|
| 003 | OSt | ||
| 005 | 20220923225354.0 | ||
| 006 | a|||||r|||| 00| 0 | ||
| 007 | ta | ||
| 008 | 220922b |||||||| |||| 00| 0 hin d | ||
| 024 | _a264,396 | ||
| 037 | _cTextual | ||
| 040 |
_aARTS _cARTS _bhin |
||
| 041 |
_2hin _ahin |
||
| 082 | _aP15,C:3x4,1:g, 152N2 | ||
| 100 | _aभाटिया, कान्ता रानी | ||
| 245 | 0 | _aभर्तृहरि का वाक्यपदीय पुण्यराज की दृष्टि में | |
| 246 | _aBhartṛuhari kā vākyapadīya puṇyarāj kī dṛuṣhṭi mean | ||
| 260 |
_aदिल्ली _b भारतीय विद्या प्रकाशन _c1992 |
||
| 300 |
_a311पृ. _ccm. |
||
| 650 | _aहिन्दी भाषा | ||
| 942 |
_hP15,C:3x4,1:g, 152N2 _cTEXL _2CC |
||
| 999 |
_c377827 _d377827 |
||